000 00940nas a22002537a 4500
007 ta
008 230815e20231508xxk|||||o|||| 00| 0 eng d
041 _aeng
245 _aIdentifying common problems with FRAEW reports
490 _aRICS Built Environment Journal
_v24 October 2023
520 _aHaving seen a range of issues arise in fire risk appraisals of external walls, the authors of PAS 9980 discuss common problems – and how these can be addressed
650 _aBuilding Control
650 _aPAS 9980
650 _aFire safety
651 _aUnited Kingdom
690 _96244
_aHealth and safety
700 _aBullock, Mostyn
700 _aButterworth, Neal
700 _aCrowder, David
700 _aTodd, Colin
700 _aKavanagh, Bart
700 _aDaws, Steven
856 _uhttps://ww3.rics.org/uk/en/journals/built-environment-journal/fire-risk-appraisals-of-external-walls-reports.html
_zAvailable online
999 _c121687
_d121687